LDR 00825naa#a2200181#i#450# 001 RU\\bibl\126629 005 20260704173942.6 011 ## _a2587-6740 100 ## _a20260615b2026####ek#y0rusy0150####ca 102 ## _aRU 200 1# _aФормирование механизма комплексного развития территории с учетом ресурсного потенциала _eЖурнальная статья 210 1# _aМосква _cЭлектронная наука _d2026 215 ## _a3 с. 608 ## _aЖурнальная статья _2local 675 ## _aРегиональная экономика. Территориальная экономика. 332.1 _z 700 #1 _aСеменов _gДмитрий Михайлович 700 #1 _aПетров _gАлександр Алексеевич 856 4# _aqje.su _u